00406 a2200145 4500010001400000020002300014035001300037037001500050082001300065100002300078245005900101260004900160300003200209500001900241 aENG-88464 a0070222894c425.00 aEN-71997 bDBAD / PUB00a005.75651 aFreeman, Robert G.10aOracle database 11g new eatures/cby Robert G. Freeman aNew DelhibTata McGraw-Hill Publishingc2008 axviii, 362 p.c24cm (pbk ) aIncludes index